Guess the Lyrics #27 - Statistics

General Stats
  • This quiz has been taken 435 times
  • The average score is 214 of 416
Answer Stats
Lyrics % Correct
I
99%
a
97%
the
93%
you,
91%
you
91%
You
91%
you?
91%
me
83%
me,
83%
and
79%
And
79%
be
79%
to
79%
do
77%
on
77%
when
77%
it
75%
we
75%
in
74%
is
73%
who
73%
your
71%
Your
71%
so
69%
my
68%
can
65%
for
65%
that
65%
that?
65%
that,
65%
of
63%
not
61%
like
60%
Like
60%
what
60%
If
59%
want
59%
You're
58%
you're
58%
she
57%
I'm
56%
don't
55%
know
55%
there
53%
with
53%
could
52%
have
52%
too
51%
will
51%
ever
50%
But
47%
good
47%
Good
47%
It's
47%
it's
47%
was
46%
girl
45%
(Girl)
45%
man
45%
never
45%
all
43%
up
42%
at
41%
baby
40%
Baby,
40%
look
40%
car
38%
got
38%
said
38%
been
37%
get
37%
only
37%
out
36%
give
34%
happy
34%
night
33%
Now
33%
Well,
33%
really
32%
wanted
32%
off
31%
Or
31%
without
31%
I've
29%
new
29%
better
28%
wish
28%
ask
26%
doin'
26%
even
26%
fuck
26%
great
26%
healthy,
26%
you've
26%
everything
25%
mind,
25%
way
25%
good 4 u - Olivia Rodrigo
24%
guess
24%
cared
23%
God,
23%
God
23%
Person
23%
took
23%
world?
23%
(World)
23%
found
22%
Cryin'
20%
lost
20%
moved
20%
(Ah)
19%
(Ah-
19%
ah-
19%
ah)
19%
damn
19%
floor
19%
Remember
19%
met
18%
sociopath
18%
weeks
18%
bathroom
17%
brand-
17%
couple
17%
easily
17%
spent
16%
yourself
16%
Maybe
15%
maybe
15%
gettin'
14%
hurt
14%
takin'
14%
therapist
14%
workin'
13%
bought
12%
helped
12%
screw
11%
happened
10%
unaffected,
10%
emotional
9%
swore
9%
apathy
8%
career's
8%
wound
8%
salt
6%
apathy's
4%
No matching quizzes found
Score Distribution
Percent of People with Each Score
Percentile by Number Answered
Your Score History
You have not taken this quiz